LEADER 01041nam2-22003251i-450- 001 990000227090403321 005 20161026102314.0 035 $a000022709 035 $aFED01000022709 035 $a(Aleph)000022709FED01 035 $a000022709 100 $a20020821d--------km-y0itay50------ba 101 0 $aita 105 $ay-------001yy 200 1 $a2.: L'edilizia corrente / Guido Guerra ;appunti raccolti con la collaborazionedell'ing. R. Luly.Ed. provvisoria. 210 $aNapoli$cUniversità degli studi di Napoli. Facoltà di Ingegneria$d1988- 215 $av.$d22x33 cm 225 1 $aCE$epubblicazioni di docenti e ricercatori dell'Istituto di costruzioni edili$v280 461 0$1001000011553$12001$aCorso di costruzuioni edili 610 0 $aEdilizia 676 $a690 700 1$aGuerra,$bGuido 702 1$aLuly,$bR. 801 0$aIT$bUNINA$gRICA$2UNIMARC 901 $aBK 912 $a990000227090403321 952 $a13 P 13 31$b6580$fFINBC 952 $a13 P 13 30$b6581$fFINBC 959 $aFINBC 997 $aUNINA LEADER 02022nam0 2200493 i 450 001 VAN0115012 005 20220314120128.514 017 70$2N$a978-3-319-33153-9 100 $a20180220d2016 |0itac50 ba 101 $aeng 102 $aCH 105 $a|||| ||||| 200 1 $aMultivariate analysis with LISREL$fKarl G. Jöreskog, Ulf H. Olsson, Fan Y. Wallentin 210 $a[Cham]$cSpringer$d2016 215 $aXV, 557 p.$cill.$d24 cm 410 1$1001VAN0036509$12001 $aSpringer series in statistics$1210 $aBerlin [etc.]$cSpringer 500 1$3VAN0242935$aMultivariate analysis with LISREL$91523478 606 $a62-XX$xStatistics [MSC 2020]$3VANC022998$2MF 606 $a62Hxx$xMultivariate analysis [MSC 2020]$3VANC026440$2MF 610 $aConfirmatory factor analysis$9KW:K 610 $aGeneralized Linear Models$9KW:K 610 $aLISREL$9KW:K 610 $aLatent variables$9KW:K 610 $aLongitudinal data$9KW:K 610 $aMultilevel analysis$9KW:K 610 $aMultiple groups$9KW:K 610 $aMultivariate statistical analysis$9KW:K 610 $aPrincipal component analysis$9KW:K 610 $aRegression$9KW:K 610 $aStatistical software$9KW:K 610 $aStructural Equation Modeling$9KW:K 620 $aCH$dCham$3VANL001889 700 1$aJöreskog$bKarl G.$3VANV089024$0755986 701 1$aOlsson$bUlf H.$3VANV089025$0755987 701 1$aWallentin$bFan Y.$3VANV089026$0755988 712 $aSpringer $3VANV108073$4650 801 $aIT$bSOL$c20240614$gRICA 856 4 $uhttp://dx.doi.org/10.1007/978-3-319-33153-9$zE-book ? Accesso al full-text attraverso riconoscimento IP di Ateneo, proxy e/o Shibboleth 899 $aBIBLIOTECA CENTRO DI SERVIZIO SBA$2VAN15 912 $fN 912 $aVAN0115012 950 $aBIBLIOTECA CENTRO DI SERVIZIO SBA$d15CONS SBA EBOOK 2387 $e15EB 2387 20180220 996 $aMultivariate analysis with LISREL$91523478 997 $aUNICAMPANIA